Call of Duty Zombies Wonder Weapons Quiz - Statistics

General Stats
  • This quiz has been taken 468 times
    260 since last reset
  • The average score is 16 of 64
Answer Stats
First Appearance Wonder Weapon % Correct
Nacht Der Untoten Ray Gun
98%
Kino Der Toten Thundergun
80%
Origins Staff of Fire
69%
Shi No Numa Wunderwaffe DG-2
69%
Origins Staff of Ice
68%
Buried Ray Gun Mark II
67%
Origins Staff of Wind
64%
Tranzit Thrustodyne Aeronautics Model 23
59%
Origins Staff of Lightning
58%
"Five" Winter's Howl
55%
Mob of the Dead Blundergat
53%
Shangri-La 31-79 JGb215
51%
Gorod Krovi GKZ-45 Mk3
46%
Die Rise Sliquifier
44%
Moon Wave Gun
43%
Buried Paralyzer
42%
Der Riese Monkey Bomb
39%
Ascension Gersh Device
37%
Call of the Dead Scavenger
37%
Buried Time Bomb
36%
Call of the Dead V-R11
35%
Mob of the Dead Hell's Retriever
32%
Shadows of Evil Lil' Arnie
26%
Voyage of Despair Kraken
24%
Moon Quantum Entanglement Device
24%
Zetsubou No Shima KT-4
23%
Shadows of Evil Apothican Servant
22%
Der Eisendrache Wrath of the Ancients
22%
Mob of the Dead Golden Spork
21%
Origins G-Strike
20%
Ascension Matryoshka Dolls
18%
Der Eisendrache Ragnarok DG-4
18%
Blood of the Dead Ragnarok DG-5
18%
Origins One Inch Punch
17%
Terminus DRI-11 Beamsmasher
13%
Tag Der Toten Tundragun
13%
Die Maschine Decompressive Isotopic Estrangement Machine
12%
Zetsubou No Shima Skull of Nan Sapwe
12%
IX Death of Orion
11%
Gorod Grovi Dragon Strike
11%
Dead of the Night Alistair's Folly
10%
Shadows of Evil Apothican Sword
10%
Gorod Krovi Gauntlet of Siegfried
9%
Ancient Evil Hand of Charon
9%
Firebase Z RAI K-84
9%
Forsaken Chrysalax
8%
Mauer Der Toten CRBR-S
8%
Ancient Evil Hand of Gaia
8%
Zetsubou No Shima Spider Bait
7%
Ancient Evil Hand of Hemera
5%
Ancient Evil Hand of Ouranos
5%
Voyage of Despair Homunculus
5%
Blood of the Dead Path of Sorrows
5%
Dead of the Night Stake Knife
5%
Voyage of Despair Chakrams of Vengeance
4%
Voyage of Despair Scepter of Ra
4%
Voyage of Despair Viper and Dragon
4%
Voyage of Despair Hammer of Valhalla
3%
Blood of the Dead Hellfire
3%
Blood of the Dead Overkill
3%
Dead of the Night Savage Impaler
3%
Urzikstan The Scorcher
3%
Terra Maledicta Decimator Shield
2%
Tag Der Toten Wunderwaffe DG-Scharfschütze
2%
No matching quizzes found
Score Distribution
Percent of People with Each Score
Percentile by Number Answered
Your Score History
You have not taken this quiz since the last reset